El delirio y los sueños en Gradivia de W. Jensen / Sigmund Freud
Zapisane w:
| 1. autor: | |
|---|---|
| Format: | Książka |
| Seria: | Edibolsillo Grijalbo ; 124
|
| Hasła przedmiotowe: | |
| Etykiety: |
Nie ma etykietki, Dołącz pierwszą etykiete!
|
MARC
| LEADER | 00000nam^a2200000^u^4500 | ||
|---|---|---|---|
| 001 | 000551654 | ||
| 005 | 20250521000000.0 | ||
| 008 | 060220s1000^^^^^^^^^^^^r^^^^^000^0^spa^d | ||
| 009 | 20260310131600.335 | ||
| 022 | |a 8425308534 | ||
| 035 | |a FMI 000021439 | ||
| 037 | |a Acervo Xavier Clavigero | ||
| 096 | |a 8.8/33/A | ||
| 100 | |a Freud, Sigmund |e (autor) | ||
| 245 | 1 | 3 | |a El delirio y los sueños en Gradivia de W. Jensen / Sigmund Freud |
| 264 | |a Barcelona : Grijalbo, 1977 | ||
| 300 | |a 381 p. | ||
| 336 | |a texto |b txt |2 rdacontenido | ||
| 337 | |a sin mediación |b n |2 rdamedio | ||
| 338 | |a volumen |b nc |2 rdasoporte | ||
| 440 | 0 | |a Edibolsillo Grijalbo ; 124 | |
| 597 | |a "Con el texto del relato de Wilhelm Jensen" | ||
| 649 | |a XX | ||
| 650 | |a Psicología | ||
| 910 | |a Fondo Francisco Migoya Covarrubias S.J. | ||
| 920 | |a Impresos - Libros | ||
| 930 | |a Fondos Especiales | ||
| 905 | |a 134 | ||
| 901 | |a SBC29360 |b IT2 |c ESP |u 20250521 | ||
| 902 | |a https://opac.biblio.iteso.mx/vufind/Record/000551654 | ||